Историко-революционные вечера в клубе. Ч.3: Ленин и РКП(б) | 1905 год | 1917 год (Запись № 13482188)

Подробности
000 -МАРКЕР
контрольное поле 01134nam2a22002771 4500
001 - ИДЕНТИФИКАТОР ЗАПИСИ
контрольное поле RU\NLR\A1SV\67715
005 - ИДЕНТИФИКАТОР ВЕРСИИ
контрольное поле 20251203152403.2
035 ## - ДРУГИЕ СИСТЕМНЫЕ НОМЕРА
Идентификатор записи (NLR Aleph) 009749315
100 ## - ДАННЫЕ ОБЩЕЙ ОБРАБОТКИ
Данные общей обработки 20060210d1925 u y0rusy50 ca
101 0# - ЯЗЫК РЕСУРСА
Язык текста, звукозаписи и т.д. русский
200 1# - ЗАГЛАВИЕ И СВЕДЕНИЯ ОБ ОТВЕТСТВЕННОСТИ
Основное заглавие Ленин и РКП(б)
-- 1905 год
-- 1917 год
Первые сведения об ответственности С.Корев и В.Юрьин
Последующие сведения об ответственности Под ред. Н.Масленникова
210 ## - ПУБЛИКАЦИЯ, РАСПРОСТРАНЕНИЕ И ДР.
Дата издания, распространения и т.д. 1925
215 ## - ФИЗИЧЕСКАЯ ХАРАКТЕРИСТИКА
Специфическое обозначение материала и объем 198 с.
461 #1 - УРОВЕНЬ НАБОРА
Встроенное поле 001RU\NLR\A1SV\27832
-- 2000#$vЧ.3
Системный номер (АБИС) связанной записи 9836850
Автор Гехтман, И.Е. (1895-1938)
Место публикации Л.
Дата публикации 1925-1926
Первые сведения об ответственности И.Гехтман и С.Корев
Имя издателя, распространителя и т.д. Прибой
Заглавие Историко-революционные вечера в клубе
Номер тома Ч.3
600 #1 - ИМЯ ЛИЦА КАК ПРЕДМЕТ
Начальный элемент ввода Ленин
Часть имени, кроме начального элемента ввода В.И.
Даты 1870-1924
Расширение инициалов личного имени Владимир Ильич
702 #1 - ИМЯ ЛИЦА - ВТОРИЧНАЯ ОТВЕТСТВЕННОСТЬ
Начальный элемент ввода Корев
Часть имени, кроме начального элемента ввода С.И.
Даты 1900-1953
Расширение инициалов личного имени Симон Исаакович
702 #1 - ИМЯ ЛИЦА - ВТОРИЧНАЯ ОТВЕТСТВЕННОСТЬ
Начальный элемент ввода Юрьин
Часть имени, кроме начального элемента ввода В.
702 #1 - ИМЯ ЛИЦА - ВТОРИЧНАЯ ОТВЕТСТВЕННОСТЬ
Связь между полями z01790
Начальный элемент ввода Маслеников
Часть имени, кроме начального элемента ввода Н.Н.
Даты 1895-1950
Расширение инициалов личного имени Николай Николаевич
790 #1 - ИМЯ ЛИЦА - АЛЬТЕРНАТИВНАЯ ФОРМА
Связь между полями z03702
Начальный элемент ввода Масленников
Часть имени, кроме начального элемента ввода Н.
801 #0 - ИСТОЧНИК ЗАПИСИ
Страна Российская Федерация
Организация NLR
Дата составления 20060210
852 ## - МЕСТОНАХОЖДЕНИЕ И ШИФР ХРАНЕНИЯ
Идентификатор организации NLR
942 ## - ДОПОЛНИТЕЛЬНЫЕ ЭЛЕМЕНТЫ ЗАПИСИ (АБИС)
Тип экземпляра АБИС Книга
980 ## - КОЛЛЕКЦИЯ
Название коллекции Международный сводный каталог русской книги (1918-1926)
980 ## - КОЛЛЕКЦИЯ
Название коллекции Национальная библиография

Нет доступных экземпляров.